The Art of Cross Examination : (Record no. 619142)

MARC details
000 -LEADER
fixed length control field 00502nam a2200193 a 4500
008 - FIXED-LENGTH DATA ELEMENTS--GENERAL INFORMATION
fixed length control field 260408s1997##################000#0#eng##
020 ## - INTERNATIONAL STANDARD BOOK NUMBER
ISBN 9780684843049
082 04 - DEWEY DECIMAL CLASSIFICATION NUMBER
Classification number 347.7375
Item number WEL
100 1# - MAIN ENTRY--AUTHOR NAME
Personal name Wellman, Francis L.,
245 10 - TITLE STATEMENT
Title The Art of Cross Examination :
260 ## - PUBLICATION, DISTRIBUTION, ETC. (IMPRINT)
Name of publisher Simon and Schuster,
Year of publication 1997.
300 ## - PHYSICAL DESCRIPTION
Number of Pages 484 pages
650 #0 - SUBJECT ADDED ENTRY--TOPICAL TERM
Topical Term Law.
942 ## - ADDED ENTRY ELEMENTS (KOHA)
Koha item type English Books
Holdings
Withdrawn status Lost status Damaged status Not for loan Home library Current library Shelving location Date acquired Full call number Accession Number Price effective from Koha item type
        Anna Centenary Library Anna Centenary Library 4TH FLOOR, A WING 08.04.2026 347.7375 WEL 473874 08.04.2026 English Books

Find us on the map